书目信息 |
| 书名: | American ethnicity | |
| 作者: | Adalberto Aguirre, Jr., Jonathan H. Turner. | |
| 分册号: | ||
| 分册名: | 出版地: | Boston : |
|
| 出版社: | McGraw-Hill | |
| 出版时间: | c2001. | |
| 页数: | xvii, 273 p. : | |
| 开本: | 24 cm. | |
| 丛书名: | ||
| 中图分类号: | ||
| 科图分类号: | ||
| 其他分类号: | D771.262 | |
| 主题词: | ||
| 电子资源: | http://www.loc.gov/catdir/toc/mh041/00031860.html http://www.loc.gov/catdir/description/mh021/00031860.html | |
| 000 | 01242cam 2200337 a 4500 | |
| 001 | E0753032266 | |
| 005 | 20070319144701.92 | |
| 008 | 000418s2001 maua b 001 0 eng | |
| 010 | @a 00031860 | |
| 020 | @a0072319917 (pbk. : acid-free paper). | |
| 040 | @aDLC@cDLC@dDLC | |
| 043 | @an-us--- | |
| 050 | 00 | @aE184.A1@bA38 2001 |
| 082 | 00 | @a305.8/00973 @2 21 |
| 090 | @aD771.262 | |
| 093 | @2 4 | |
| 099 | @dD771.262@ex23=4 | |
| 100 | 1 | @aAguirre, Adalberto. |
| 245 | 10 | @aAmerican ethnicity :@bthe dynamics and consequences of discrimination / @cAdalberto Aguirre, Jr., Jonathan H. Turner. |
| 250 | @a4rd ed. | |
| 260 | @aBoston :@bMcGraw-Hill,@cc2001. | |
| 300 | @axvii, 273 p. :@bill. ;@c24 cm. | |
| 504 | @aIncludes bibliographical references (p. 292-317) and index. | |
| 650 | 0 | @aDiscrimination@zUnited States. |
| 650 | 0 | @aEthnicity@zUnited States. |
| 651 | 0 | @aUnited States@xEthnic relations. |
| 651 | 0 | @aUnited States@xRace relations. |
| 700 | 1 | @aTurner, Jonathan H. |
| 856 | 1 | @3 Table of contents@uhttp://www.loc.gov/catdir/toc/mh041/00031860.html |
| 856 | 2 | @3 Publisher description@uhttp://www.loc.gov/catdir/description/mh021/00031860.html |
| 920 | @a232010@z2 | |
| American ethnicity : : the dynamics and consequences of discrimination / / Adalberto Aguirre, Jr., Jonathan H. Turner.-4rd ed.-Boston : : McGraw-Hill, , c2001. |
| xvii, 273 p. : : ill. ; ; 24 cm. |
| Includes bibliographical references (p. 292-317) and index. |
| ISBN 0072319917 (pbk. : acid-free paper). |
| ● |
| 相关链接 |
|
|
|
|
正题名:American ethnicity
索取号:D771.262/x23=4
 
预约/预借
| 序号 | 登录号 | 条形码 | 馆藏地/架位号 | 状态 | 备注 |
| 1 | 0002708 | 300027085 | 第二样本阅览室/ [索取号:D771.262/x23=4] | 在馆 | |
| 2 | 0002709 | 300027094 | 第四借阅区/ [索取号:D771.262/x23=4] | 在馆 | |
| 3 | 0002710 | 300027101 | 第四借阅区/ [索取号:D771.262/x23=4] | 在馆 |